A szolgabírói hivatal Híd a rendi világ és a polgári államszervezet között /

Elmentve itt :
Bibliográfiai részletek
Szerző: Pétervári Máté
Dokumentumtípus: Könyv része
Megjelent: Szegedi Tudományegyetem Állam- és Jogtudományi Doktori Iskola Szeged 2018
Sorozat:Jog határok nélkül
mtmt:30614112
Online Access:http://publicatio.bibl.u-szeged.hu/16396
LEADER 00884naa a2200205 i 4500
001 publ16396
005 20190821144225.0
008 190821s2018 hu o 0|| zxx d
020 |a 9789633066409 
024 7 |a 30614112  |2 mtmt 
040 |a SZTE Publicatio Repozitórium  |b hun 
041 |a zxx 
100 1 |a Pétervári Máté 
245 1 2 |a A szolgabírói hivatal  |h [elektronikus dokumentum] :  |b Híd a rendi világ és a polgári államszervezet között /  |c  Pétervári Máté 
260 |a Szegedi Tudományegyetem Állam- és Jogtudományi Doktori Iskola  |b Szeged  |c 2018 
300 |a 13 
300 |a 275-287 
490 0 |a Jog határok nélkül 
856 4 0 |u http://publicatio.bibl.u-szeged.hu/16396/7/petervari_mate_a_szolgabiroi_hivatal.pdf  |z Dokumentum-elérés  
856 4 0 |u http://publicatio.bibl.u-szeged.hu/16396/8/szegedi_jogasz_doktorandusz_konf_viii_cimlap_tart.pdf  |z Dokumentum-elérés